[Event "1st Grand Europe Open"]
[Site "Golden Sands BUL"]
[Date "2012.06.08"]
[Round "5.56"]
[White "Pogosian, Vladimir"]
[Black "Bulmaga, Irina"]
[Result "0-1"]
[BlackTitle "WIM"]
[WhiteElo "2146"]
[BlackElo "2370"]
[WhiteFideId "13301586"]
[BlackFideId "13903063"]
[EventDate "2012.06.04"]
[EventType "swiss"]

1. e4 c5 2. Ne2 d6 3. g3 Nf6 4. Bg2 g6 5. c3 Bg7 6. O-O O-O 7. d4 Nc6 8. Na3 Qc7
9. Bf4 e5 10. Bg5 exd4 11. cxd4 h6 12. Bc1 Qe7 13. d5 Nb8 14. Nc3 a6 15. Nc4 b5
16. Nb6 Ra7 17. Nxc8 Rxc8 18. Re1 b4 19. Na4 Nbd7 20. b3 Ng4 21. Rb1 h5 22. h3
Ngf6 23. f4 Nh7 24. Bb2 h4 25. Bxg7 Kxg7 26. g4 g5 27. e5 gxf4 28. e6 Ne5 29.
Nb6 Re8 30. Nc4 Nxc4 31. bxc4 Qf6 32. Qa4 Rae7 33. Qxa6 f3 34. Bxf3 Qxf3 35.
Qxd6 Qg3+ 36. Qxg3 hxg3 37. Kg2 fxe6 38. d6 Rd7 39. Re5 Rxd6 40. Rxc5 Nf6 41.
Rc7+ Kg6 42. Kxg3 Rd3+ 0-1

[Event "1st Grand Europe Open"]
[Site "Golden Sands BUL"]
[Date "2012.06.08"]
[Round "5.57"]
[White "Janchev, Petar"]
[Black "Panbukchian, Valentin"]
[Result "1-0"]
[BlackTitle "IM"]
[WhiteElo "2143"]
[BlackElo "2359"]
[WhiteFideId "2903016"]
[BlackFideId "2900637"]
[EventDate "2012.06.04"]
[EventType "swiss"]

1. Nf3 f5 2. c4 Nf6 3. g3 g6 4. Bg2 Bg7 5. O-O O-O 6. Nc3 d6 7. d3 c6 8. Rb1 a5
9. a3 Kh8 10. Qc2 Nbd7 11. b4 axb4 12. axb4 Nb6 13. Bb2 Qe8 14. Ra1 Rxa1 15.
Rxa1 e5 16. c5 dxc5 17. bxc5 Nbd7 18. Ra8 Qe7 19. Nd2 Rd8 20. Nc4 Ne8 21. Ba3
Bf8 22. Nb6 Nxb6 23. cxb6 Nd6 24. Bc5 Qf6 25. Qa4 Bg7 26. Qb4 Bf8 27. d4 e4 28.
f3 f4 29. fxe4 fxg3 30. hxg3 Qg5 31. Kf2 h5 32. Bf3 h4 33. gxh4 Qxh4+ 34. Ke3
Qe1 35. Kd3 Qg3 36. Qb1 Nf7 37. Bxf8 Ne5+ 38. Kc2 Nxf3 39. Bc5 Ne1+ 40. Kb2 Ng2
41. Qf1 Nf4 42. Be7 Re8 43. Bf6+ Kg8 44. Be5 g5 45. Qh1 Kf7 46. Qh7+ Ke6 47.
Qf5+ Ke7 48. Rxc8 Rxc8 49. Qxc8 Qe3 50. Qxb7+ Kf8 51. Qc8+ Ke7 52. Qc7+ 1-0

[Event "1st Grand Europe Open"]
[Site "Golden Sands BUL"]
[Date "2012.06.08"]
[Round "5.58"]
[White "Ibryamov, Ilhan"]
[Black "Skomorokhin, Roman"]
[Result "1/2-1/2"]
[BlackTitle "IM"]
[WhiteElo "2142"]
[BlackElo "2356"]
[WhiteFideId "2918854"]
[BlackFideId "4112610"]
[EventDate "2012.06.04"]
[EventType "swiss"]

1. d4 d5 2. c4 dxc4 3. Nf3 a6 4. e3 Nf6 5. Bxc4 e6 6. a4 c5 7. Nc3 Be7 8. O-O
Nc6 9. b3 O-O 10. Bb2 cxd4 11. exd4 Nb4 12. Qe2 b6 13. Rfe1 Bb7 14. Ng5 Nbd5 15.
Nge4 Bb4 16. Nxf6+ Qxf6 17. Bxd5 Bxd5 18. Nxd5 exd5 19. Red1 Rfe8 20. Qd3 Re4
21. Bc1 Qe7 22. Be3 f5 23. Rac1 f4 24. Bd2 Bxd2 25. Qxd2 f3 26. Re1 Re8 27. Rxe4
Qxe4 28. gxf3 Qxf3 29. Rc3 Re2 30. Rxf3 Rxd2 31. Rc3 Rxd4 32. Rc8+ Kf7 33. Rc7+
Kf8 34. Rc8+ Ke7 35. Rc7+ Kd6 36. Rxg7 h5 37. Rg3 Kc5 38. Rc3+ Kb4 39. Rc6 Ka5
40. Kf1 b5 41. axb5 axb5 42. Rc3 Kb4 43. Rh3 h4 44. Ke2 Re4+ 45. Kd2 d4 46. Rf3
Re6 47. Rd3 Re4 48. f3 Rf4 49. Ke2 Ka3 50. Kd2 b4 51. Kc2 Ka2 52. h3 Rf8 53.
Rxd4 Rc8+ 54. Kd2 Kxb3 55. Rxh4 Ka3 56. Rh7 b3 57. Ra7+ Kb2 58. Rb7 Rh8 59. Kd3
Rxh3 60. Ke4 Kc2 61. Rc7+ Kb1 62. Rb7 b2 63. f4 Kc2 64. Rxb2+ Kxb2 65. f5 Rh1
66. f6 Ra1 67. Ke5 Kc3 68. Ke6 Re1+ 69. Kd7 Rf1 1/2-1/2

[Event "1st Grand Europe Open"]
[Site "Golden Sands BUL"]
[Date "2012.06.08"]
[Round "5.59"]
[White "Snuverink, Jochem"]
[Black "Korduban, Valerij"]
[Result "1-0"]
[WhiteElo "2354"]
[BlackElo "2127"]
[WhiteFideId "1005642"]
[BlackFideId "14121824"]
[EventDate "2012.06.04"]
[EventType "swiss"]

1. e4 e6 2. d4 d5 3. Nc3 dxe4 4. f3 exf3 5. Nxf3 Nf6 6. Bd3 c5 7. Be3 cxd4 8.
Nxd4 Bd7 9. Qf3 Nc6 10. O-O-O Qc8 11. Rhf1 Ne5 12. Qg3 Nxd3+ 13. Rxd3 Be7 14.
Qxg7 Rg8 15. Qh6 Rg6 16. Qf4 Rxg2 17. Ne4 Rg6 18. Nd6+ Bxd6 19. Qxd6 Qb8 20. Qa3
b5 21. Qc5 Qb6 22. Qe5 Qb8 23. Nf3 b4 24. Rdd1 Qb5 25. Qd4 Rc8 26. Ne5 Rg2 27.
Rf2 Rxf2 28. Bxf2 Qd5 29. Qf4 Qxa2 30. Qxf6 Rxc2+ 31. Kxc2 Ba4+ 32. Kd2 Qd5+ 33.
Nd3 Bxd1 34. Qh8+ Kd7 35. Qd4 Qxd4 36. Bxd4 Bh5 37. Bxa7 Kd6 38. Bb8+ Ke7 39.
Nxb4 f6 40. Ke3 e5 41. Nd3 Ke6 42. b4 Be8 43. Bc7 Bb5 44. Nf2 f5 45. Bb6 f4+ 46.
Kd2 Kf5 47. Nd1 e4 48. Nc3 Bc4 49. b5 h5 50. Bc5 e3+ 51. Bxe3 fxe3+ 52. Kxe3 Kg4
53. b6 Ba6 54. Kf2 Kf4 55. Na4 Bb7 56. Nc5 Bc6 57. b7 Bxb7 58. Nxb7 1-0

[Event "1st Grand Europe Open"]
[Site "Golden Sands BUL"]
[Date "2012.06.08"]
[Round "5.60"]
[White "Zulfic, Fedja"]
[Black "Nikolova, Adriana"]
[Result "0-1"]
[BlackTitle "WGM"]
[WhiteElo "2130"]
[BlackElo "2345"]
[WhiteFideId "3208427"]
[BlackFideId "2908689"]
[EventDate "2012.06.04"]
[EventType "swiss"]

1. e4 c5 2. Nf3 d6 3. d4 cxd4 4. Nxd4 Nf6 5. Nc3 Nc6 6. Bc4 e6 7. Be3 Be7 8. Qe2
Nxd4 9. Bxd4 e5 10. Be3 O-O 11. Rg1 Be6 12. O-O-O Qa5 13. Bxe6 fxe6 14. Qc4 Kf7
15. f4 Rac8 16. Qb3 exf4 17. Bxf4 Rxc3 18. bxc3 Nxe4 19. Rgf1 Ke8 20. c4 d5 21.
Qxb7 Qa3+ 22. Qb2 Rxf4 23. Rxf4 Qe3+ 24. Kb1 Qxf4 25. cxd5 Bf6 26. Qb5+ Kf8 27.
Qb4+ Kg8 28. dxe6 Nd2+ 0-1

[Event "1st Grand Europe Open"]
[Site "Golden Sands BUL"]
[Date "2012.06.08"]
[Round "5.61"]
[White "Dimitrov, Atanas"]
[Black "Bozov, Ahmet"]
[Result "1-0"]
[WhiteTitle "IM"]
[WhiteElo "2339"]
[BlackElo "2095"]
[WhiteFideId "2901315"]
[BlackFideId "2906082"]
[EventDate "2012.06.04"]
[EventType "swiss"]

1. d4 d5 2. c4 c6 3. Nf3 Nf6 4. Nc3 a6 5. a4 Bf5 6. Qb3 Ra7 7. Bf4 e6 8. e3 Nh5
9. Be5 Nd7 10. h3 Nhf6 11. Bh2 Be7 12. Be2 O-O 13. O-O Re8 14. g4 Bg6 15. Nh4
Be4 16. g5 dxc4 17. Qd1 Qa5 18. gxf6 Qg5+ 19. Bg3 Nxf6 20. Kh2 b5 21. Nf3 Bxf3
22. Bxf3 Nd5 23. Bxd5 cxd5 24. axb5 Rb7 25. bxa6 Rxb2 26. Qa4 Rd8 27. Ra2 Qxe3
28. Rxb2 Qxc3 29. a7 Qxb2 30. a8=Q 1-0

[Event "1st Grand Europe Open"]
[Site "Golden Sands BUL"]
[Date "2012.06.08"]
[Round "5.62"]
[White "Ji, Dan"]
[Black "Ilic, Slobodan R"]
[Result "1-0"]
[WhiteElo "2326"]
[BlackElo "2046"]
[WhiteFideId "8601887"]
[BlackFideId "941832"]
[EventDate "2012.06.04"]
[EventType "swiss"]

1. e4 c5 2. Nf3 d6 3. d4 cxd4 4. Nxd4 Nf6 5. Nc3 a6 6. Be3 e6 7. Qf3 Qc7 8. g4
h6 9. O-O-O Nc6 10. Rg1 Nxd4 11. Bxd4 e5 12. Be3 Be6 13. Nd5 Nxd5 14. exd5 Rc8
15. Bd3 Bd7 16. h4 Be7 17. Rh1 g6 18. h5 g5 19. Rhg1 b5 20. Kb1 a5 21. Qe4 b4
22. Rde1 Rb8 23. f4 gxf4 24. Bxf4 a4 25. Bd2 Qc5 26. Rgf1 a3 27. Rxf7 Rf8 28.
Rxf8+ Bxf8 29. Rf1 Qd4 30. Qxd4 exd4 31. Bg6+ Ke7 32. Rf7+ Ke8 33. g5 hxg5 34.
Rf1+ Ke7 35. Bxg5# 1-0

[Event "1st Grand Europe Open"]
[Site "Golden Sands BUL"]
[Date "2012.06.08"]
[Round "5.64"]
[White "Imnadze, Nato"]
[Black "Jevtic, Sasa"]
[Result "1/2-1/2"]
[BlackTitle "FM"]
[WhiteElo "2052"]
[BlackElo "2315"]
[WhiteFideId "13600974"]
[BlackFideId "920452"]
[EventDate "2012.06.04"]
[EventType "swiss"]

1. e4 c6 2. d4 d5 3. Nd2 dxe4 4. Nxe4 Bf5 5. Nc5 e6 6. Nxb7 Qb6 7. Nc5 Bxc5 8.
dxc5 Qxc5 9. c3 Nf6 10. Nf3 O-O 11. Be3 Qe7 12. Bc4 Nd5 13. Qe2 Qc7 14. Nh4 Qe5
15. Bc5 Qxe2+ 16. Kxe2 Re8 17. Nxf5 exf5+ 18. Kf1 Nb6 19. Bd3 g6 20. g3 N8d7 21.
Bd4 c5 22. Be3 c4 23. Be2 Ne5 24. b3 Rac8 25. Bd4 Nc6 26. Bxb6 axb6 27. Bxc4 Ne5
28. Re1 Nxc4 29. Rxe8+ Rxe8 30. bxc4 Re4 31. Kg2 Rxc4 32. Rc1 b5 33. Kf3 Ra4 34.
Rc2 Kg7 35. Ke3 Kf6 36. Rb2 g5 37. Rxb5 Rxa2 38. Rb6+ Ke7 39. c4 f4+ 40. gxf4
gxf4+ 41. Kf3 Rc2 42. Rc6 h5 43. h4 Kd7 44. Rc5 Kd6 45. Rxh5 Rxc4 46. Rf5 Ke7
47. Rxf4 Rc1 48. Ke3 Kf8 49. Rg4 Rc5 50. Kf4 Rc4+ 51. Kg3 Rc3+ 52. f3 Ra3 53. h5
Ra6 54. Kh4 Ra1 55. Kg5 Kg7 56. h6+ Kh7 57. f4 Ra6 58. Rh4 Rg6+ 59. Kf5 Ra6 1/2-1/2

[Event "1st Grand Europe Open"]
[Site "Golden Sands BUL"]
[Date "2012.06.08"]
[Round "5.65"]
[White "Videnova, Iva"]
[Black "Qiu, Mengjie"]
[Result "0-1"]
[WhiteTitle "WGM"]
[WhiteElo "2313"]
[BlackElo "1982"]
[WhiteFideId "2907763"]
[BlackFideId "8606137"]
[EventDate "2012.06.04"]
[EventType "swiss"]

1. g3 Nf6 2. c4 g6 3. Bg2 d5 4. cxd5 Nxd5 5. Nc3 Nxc3 6. bxc3 Bg7 7. Rb1 O-O 8.
Rxb7 Bxb7 9. Bxb7 Nd7 10. Bxa8 Qxa8 11. Nf3 Ne5 12. O-O Nxf3+ 13. exf3 Rd8 14.
Qe2 e6 15. Kg2 Qc6 16. c4 Qa4 17. d3 Rb8 18. g4 h6 19. Rh1 Rb1 20. h4 Ra1 21. a3
Qb3 22. Qe4 Qb1 23. Re1 Qc2 24. Qe3 Rb1 25. Rf1 a6 26. Qf4 e5 27. Qe3 Rb3 28. h5
Qxd3 29. hxg6 fxg6 30. Qxd3 Rxd3 31. Rh1 g5 32. Re1 Kf7 33. Re3 Rd4 34. Bb2 Rxc4
35. Bxe5 Bxe5 36. Rxe5 c5 37. Rf5+ Kg6 38. Rd5 a5 39. Rd6+ Kg7 40. Ra6 Ra4 41.
Rc6 Rc4 42. Kg3 Kh7 43. Re6 Kg7 44. Re4 Rd4 45. Rxd4 cxd4 46. f4 d3 47. Kf3 gxf4 0-1

[Event "1st Grand Europe Open"]
[Site "Golden Sands BUL"]
[Date "2012.06.08"]
[Round "5.66"]
[White "Argiroudis, Stamatis"]
[Black "Georgieva, Emilia"]
[Result "1-0"]
[WhiteElo "2294"]
[BlackElo "1923"]
[WhiteFideId "4202210"]
[BlackFideId "2902451"]
[EventDate "2012.06.04"]
[EventType "swiss"]

1. d4 d5 2. c4 c6 3. Nc3 Nf6 4. Nf3 e6 5. Qd3 b6 6. cxd5 Ba6 7. Qc2 exd5 8. g3
Bb4 9. Bg2 O-O 10. O-O Bxc3 11. bxc3 Ne4 12. Ne5 f5 13. Ba3 Rf6 14. c4 Nd7 15.
cxd5 cxd5 16. Nc6 Rxc6 17. Qxc6 Ndf6 18. Qe6+ Kh8 19. Qxf5 Bxe2 20. Rfe1 Bd3 21.
f3 Nc5 22. Qg5 Ncd7 23. Re7 Bg6 24. Bh3 Nc5 25. Re3 Ncd7 26. Be7 Qg8 27. Rc1 Rc8
28. Ree1 Rc4 29. Rxc4 dxc4 30. d5 c3 31. Be6 Qe8 32. Bxf6 gxf6 33. Qe3 c2 34.
Qc3 Qd8 35. Bxd7 Qxd7 36. Qxf6+ Kg8 37. Qc6 Qd8 38. d6 Qf6 39. Qd5+ Bf7 40. Qd2
Qxf3 41. d7 1-0

[Event "1st Grand Europe Open"]
[Site "Golden Sands BUL"]
[Date "2012.06.08"]
[Round "5.67"]
[White "Mass, Elvira"]
[Black "Dimov, Dian"]
[Result "0-1"]
[WhiteElo "1988"]
[BlackElo "2289"]
[WhiteFideId "4695623"]
[BlackFideId "2903342"]
[EventDate "2012.06.04"]
[EventType "swiss"]

1. Nf3 g6 2. e4 Bg7 3. d4 d6 4. Bd3 Nd7 5. O-O e5 6. c3 Ngf6 7. h3 O-O 8. Nbd2
c6 9. dxe5 dxe5 10. Nc4 Qc7 11. b4 b6 12. a4 Bb7 13. Qe2 Rfe8 14. Rd1 Rad8 15.
Bc2 Nf8 16. Rxd8 Rxd8 17. Ncxe5 Nh5 18. Nxf7 Kxf7 19. Qc4+ Ke8 20. Bb3 Rd7 21.
Be3 Nf4 22. Nd4 Re7 23. f3 Be5 24. Ra2 N4e6 25. Rd2 Bf4 26. Bxf4 Qxf4 27. Qd3
Nxd4 28. cxd4 Qg3 29. Qe2 Ne6 30. Qf2 Qd6 31. Bxe6 Rxe6 32. Rb2 Qf4 33. Qd2 Qxd2
34. Rxd2 Kd7 35. Kf2 Re8 36. Ke3 Ra8 37. a5 bxa5 38. bxa5 Rb8 39. Rb2 Kc7 40. h4
Ba6 41. Rc2 Kd7 42. Rc5 Rb5 43. Kf4 Rxc5 44. dxc5 Ke6 45. Ke3 h5 46. f4 Bf1 47.
g3 Bg2 48. Kd4 Bh1 49. Ke3 Kd7 50. Kd4 Kc7 51. Ke5 Bf3 52. f5 gxf5 53. exf5 Kd7
54. Kf4 Bg4 55. Kg5 Ke7 56. Kg6 Be2 57. Kg7 Bc4 58. f6+ Ke8 59. Kh6 Bf7 60. Kg7
a6 61. Kh6 Kd7 62. Kg5 Ke6 63. g4 hxg4 64. Kxg4 Kxf6 65. Kf4 Bg6 0-1

[Event "1st Grand Europe Open"]
[Site "Golden Sands BUL"]
[Date "2012.06.08"]
[Round "5.68"]
[White "Furman, Boris"]
[Black "Zhang, Jiabao"]
[Result "1-0"]
[WhiteTitle "FM"]
[WhiteElo "2285"]
[BlackElo "1948"]
[WhiteFideId "4107187"]
[BlackFideId "8606560"]
[EventDate "2012.06.04"]
[EventType "swiss"]

1. d4 d5 2. c4 c6 3. cxd5 cxd5 4. Nc3 Nc6 5. Bf4 Nf6 6. e3 Bf5 7. Qb3 Qd7 8. Nf3
e6 9. Ne5 Qc8 10. Be2 Be7 11. O-O O-O 12. Rac1 Nd7 13. Na4 Ndxe5 14. Bxe5 Qd7
15. Bg3 Na5 16. Qb5 Qxb5 17. Bxb5 a6 18. Be2 Rac8 19. Nb6 Rc6 20. Rxc6 Nxc6 21.
Rc1 a5 22. Bb5 Nb4 23. a3 Nd3 24. Rc2 h5 25. h4 f6 26. Na4 Bd8 27. Bd6 e5 28.
Bxf8 Kxf8 29. Rc3 e4 30. f3 g5 31. fxe4 dxe4 32. hxg5 fxg5 33. Nc5 Nxb2 34. Nxb7
Bb6 35. Rc6 1-0

[Event "1st Grand Europe Open"]
[Site "Golden Sands BUL"]
[Date "2012.06.08"]
[Round "5.69"]
[White "Matviyishen, Viktor"]
[Black "Keilhack, Harald"]
[Result "1-0"]
[BlackTitle "FM"]
[WhiteElo "1848"]
[BlackElo "2256"]
[WhiteFideId "14129850"]
[BlackFideId "4601904"]
[EventDate "2012.06.04"]
[EventType "swiss"]

1. e4 c5 2. Nf3 e6 3. d4 cxd4 4. Nxd4 Nf6 5. Nc3 d6 6. g4 h6 7. h4 Nc6 8. Rg1 h5
9. gxh5 Rxh5 10. Bg5 Rh7 11. Qd2 a6 12. O-O-O Bd7 13. f4 Qb6 14. Nf3 Qc7 15. f5
O-O-O 16. fxe6 fxe6 17. Be3 Ne5 18. Nxe5 dxe5 19. Qf2 Bc6 20. Rxd8+ Qxd8 21. Bh3
Qe8 22. Rd1 Nd7 23. a3 Qe7 24. Bg5 Qe8 25. Qe2 Be7 26. Qg4 Bxg5+ 27. Qxg5 Rh5
28. Qg4 Nf6 29. Qxg7 Rxh4 30. Qxf6 Rxh3 31. Qxe5 Rh7 32. Qc5 Kb8 33. b3 Qe7 34.
Qa5 Rh8 1-0

[Event "1st Grand Europe Open"]
[Site "Golden Sands BUL"]
[Date "2012.06.08"]
[Round "5.71"]
[White "Dogan, Mire Deniz"]
[Black "Hagesaether, Ellen"]
[Result "1-0"]
[BlackTitle "WIM"]
[WhiteElo "1754"]
[BlackElo "2252"]
[WhiteFideId "6317456"]
[BlackFideId "1501909"]
[EventDate "2012.06.04"]
[EventType "swiss"]

1. d4 f5 2. g3 Nf6 3. Bg2 e6 4. c4 Be7 5. Nc3 O-O 6. Nh3 Nc6 7. O-O d6 8. d5 Ne5
9. b3 c6 10. dxe6 Bxe6 11. Nf4 Bc8 12. Qc2 Rb8 13. Bb2 Qe8 14. Nb1 b6 15. Nd2
Bd7 16. Rad1 Nh5 17. Nxh5 Qxh5 18. Bxe5 dxe5 19. Nf3 Be8 20. Nxe5 Rf6 21. f4
Bc5+ 22. Kh1 Rh6 23. Nf3 Qg4 24. Nh4 Rxh4 25. gxh4 Bh5 26. Bf3 Qxh4 27. Qxf5 Bg6
28. Qg5 Qxg5 29. fxg5 Be3 30. Bxc6 Bxg5 31. Bd5+ Kh8 32. Rg1 Be3 33. Rg3 Bc5 34.
Rxg6 1-0

[Event "1st Grand Europe Open"]
[Site "Golden Sands BUL"]
[Date "2012.06.08"]
[Round "5.72"]
[White "Bozzali, Ermanno"]
[Black "Nezad, Husein Aziz"]
[Result "0-1"]
[BlackTitle "IM"]
[WhiteElo "2068"]
[BlackElo "2393"]
[WhiteFideId "805858"]
[BlackFideId "12100293"]
[EventDate "2012.06.04"]
[EventType "swiss"]

1. d4 d5 2. c4 e6 3. Nf3 Nf6 4. g3 Bb4+ 5. Bd2 Be7 6. Bg2 O-O 7. O-O c6 8. Qc2
Nbd7 9. Bf4 b6 10. Rd1 Ba6 11. Ne5 Rc8 12. Qa4 Bxc4 13. Nxc4 b5 14. Qxa7 bxc4
15. Nc3 Nh5 16. Qa4 Nxf4 17. gxf4 c5 18. dxc5 Bxc5 19. e3 Nf6 20. Qc2 g6 21. Qe2
Qa5 22. Rac1 Rb8 23. Rc2 Rb6 24. Bf3 Rfb8 25. Kg2 Bb4 26. e4 Bxc3 27. bxc3 dxe4
28. Bxe4 Nh5 29. Qxc4 Nxf4+ 30. Kh1 Rb1 31. Rd2 Rxd1+ 32. Rxd1 Rb2 33. Qd4 Rxa2
34. Bb1 Ra4 35. c4 e5 36. Qe4 Qc5 37. Rd8+ Kg7 38. Rd7 Rxc4 39. Rxf7+ Kh6 0-1

[Event "1st Grand Europe Open"]
[Site "Golden Sands BUL"]
[Date "2012.06.08"]
[Round "5.73"]
[White "Raeva, Elitsa"]
[Black "Mladenov, Emil"]
[Result "1-0"]
[WhiteTitle "WIM"]
[WhiteElo "2284"]
[BlackElo "2081"]
[WhiteFideId "2906660"]
[BlackFideId "2904918"]
[EventDate "2012.06.04"]
[EventType "swiss"]

1. c4 e5 2. Nc3 d6 3. g3 Be6 4. Bg2 Nc6 5. d3 Qd7 6. b4 g6 7. b5 Nd8 8. Nf3 Bh3
9. Bxh3 Qxh3 10. d4 Bg7 11. dxe5 dxe5 12. Nd5 Qd7 13. Bb2 c6 14. Nxe5 Qd6 15.
Nf6+ Qxf6 16. Qd7+ Kf8 17. Nxg6+ Qxg6 18. Ba3+ Ne7 1-0

[Event "1st Grand Europe Open"]
[Site "Golden Sands BUL"]
[Date "2012.06.08"]
[Round "5.75"]
[White "Velcheva, Maria"]
[Black "Anev, Asen"]
[Result "1-0"]
[WhiteTitle "WGM"]
[WhiteElo "2269"]
[BlackElo "2035"]
[WhiteFideId "2903210"]
[BlackFideId "2904934"]
[EventDate "2012.06.04"]
[EventType "swiss"]

1. e4 c5 2. Nf3 Nc6 3. d4 cxd4 4. Nxd4 e5 5. Nb5 d6 6. c4 f5 7. N1c3 a6 8. Bg5
Qxg5 9. Nc7+ Kd8 10. Nxa8 Nf6 11. Nb6 fxe4 12. Nxc8 Kxc8 13. g3 Be7 14. Bg2 e3
15. O-O exf2+ 16. Rxf2 Ng4 17. Bh3 h5 18. Nd5 Bf6 19. Bxg4+ hxg4 20. Nxf6 gxf6
21. Qxd6 Nd4 22. Qxf6 Qxf6 23. Rxf6 Nf3+ 24. Rxf3 gxf3 25. Re1 f2+ 26. Kxf2
Rxh2+ 27. Kf3 Rxb2 28. g4 Kd7 29. Rxe5 Rxa2 30. g5 Ra1 31. Kf4 Rc1 32. c5 Rf1+
33. Ke4 a5 34. g6 Rg1 35. Kf5 Rf1+ 36. Kg5 Rf8 37. g7 Rg8 38. Kf6 Kc6 39. Kf7
Rxg7+ 40. Kxg7 a4 41. Kf6 a3 42. Re3 Kxc5 43. Rxa3 b5 44. Ke5 b4 45. Ra8 Kc4 46.
Ke4 Kc3 47. Rc8+ Kd2 48. Rb8 Kc3 49. Ke3 b3 50. Rc8+ Kb2 51. Kd2 Kb1 52. Kc3 b2
53. Rb8 Ka1 54. Kc2 1-0

[Event "1st Grand Europe Open"]
[Site "Golden Sands BUL"]
[Date "2012.06.08"]
[Round "5.76"]
[White "Mihopoulos, Konstantinos"]
[Black "Guempel, Viktor"]
[Result "1/2-1/2"]
[BlackTitle "FM"]
[WhiteElo "1978"]
[BlackElo "2266"]
[WhiteFideId "4217110"]
[BlackFideId "4148509"]
[EventDate "2012.06.04"]
[EventType "swiss"]

1. c4 Nf6 2. g3 c6 3. Bg2 d5 4. Nf3 Bg4 5. Ne5 Be6 6. O-O g6 7. d4 Bg7 8. cxd5
Bxd5 9. f3 Be6 10. e4 h5 11. Nc3 h4 12. f4 hxg3 13. hxg3 Qb6 14. Na4 Qd8 15. Nc5
Qc8 16. Nxe6 Qxe6 17. f5 gxf5 18. exf5 Qd6 19. Bf4 Nh5 20. Qb3 Qxd4+ 21. Rf2
Bxe5 22. Bxe5 Qxe5 23. Qxb7 O-O 24. Qxa8 Qc5 25. Qb7 Nxg3 26. Qc7 Qe3 27. Bf3
Kh8 28. Rd1 Rg8 29. Bg2 Na6 30. Qxc6 Ne4 31. Qc2 Nac5 32. b4 Na4 33. Rd3 Qxf2+
34. Qxf2 Nxf2 35. Kxf2 a6 1/2-1/2

[Event "1st Grand Europe Open"]
[Site "Golden Sands BUL"]
[Date "2012.06.08"]
[Round "5.77"]
[White "Konijn, Rob"]
[Black "Prodileanu, Adrian"]
[Result "1/2-1/2"]
[WhiteElo "1949"]
[BlackElo "2226"]
[WhiteFideId "1011278"]
[BlackFideId "1208861"]
[EventDate "2012.06.04"]
[EventType "swiss"]

1. e4 c6 2. d4 d5 3. exd5 cxd5 4. c4 Nf6 5. Nc3 e6 6. Nf3 Bb4 7. cxd5 Nxd5 8.
Qc2 Nc6 9. Be2 O-O 10. O-O Be7 11. Rd1 Bf6 12. Qe4 Nce7 13. Ne5 Bd7 14. Bd3 g6
15. Bh6 Bg7 16. Qh4 Bc6 17. Qh3 Nf5 18. Bxf5 exf5 19. Bxg7 Kxg7 20. Nxc6 bxc6
21. Qf3 Rb8 22. Nxd5 cxd5 23. b3 Qa5 24. Rdc1 Rfe8 25. Qd3 Rbc8 26. a4 Rxc1+ 27.
Rxc1 Re1+ 28. Rxe1 Qxe1+ 29. Qf1 Qd2 30. Qa1 a5 31. g3 h5 32. Kg2 Kf6 33. h4 f4
34. Qa3 Qxd4 35. Qd6+ Kg7 36. gxf4 Qe4+ 37. Kh2 d4 38. Kg3 d3 39. Qc5 Qe2 40.
Qd4+ Kh7 41. Kh2 Qe6 42. Qd8 Qxb3 43. Qxa5 Qa2 44. Kg2 d2 45. Qd8 Qxa4 46. Qxd2 1/2-1/2

[Event "1st Grand Europe Open"]
[Site "Golden Sands BUL"]
[Date "2012.06.09"]
[Round "6.1"]
[White "Lu, Shanglei"]
[Black "Petrosian, Tigran L."]
[Result "1-0"]
[WhiteTitle "GM"]
[BlackTitle "GM"]
[WhiteElo "2522"]
[BlackElo "2657"]
[WhiteFideId "8603332"]
[BlackFideId "13301616"]
[EventDate "2012.06.04"]
[EventType "swiss"]

1. e4 Nc6 2. Nc3 Nf6 3. d4 d5 4. e5 Nd7 5. e6 fxe6 6. Bd3 g6 7. h4 Bg7 8. h5
Nxd4 9. hxg6 h6 10. Nh3 e5 11. Nxd5 Nc5 12. Ne3 Nxd3+ 13. Qxd3 Qd6 14. Qe4 Qa6
15. Ng1 Rf8 16. c3 Nf5 17. Nd5 Qc6 18. c4 Nd4 19. Bxh6 Bf5 20. Qh4 Bf6 21. g7
Rg8 22. Qh5+ Kd7 23. Rd1 Nc2+ 24. Kf1 Qxc4+ 25. Ne2 Bd3 26. Qh3+ Kc6 27. Rxd3 e4
28. Qe6+ Kc5 29. b4+ Kb5 30. Nxc7+ Qxc7 31. Rh5+ 1-0

[Event "1st Grand Europe Open"]
[Site "Golden Sands BUL"]
[Date "2012.06.09"]
[Round "6.2"]
[White "Tunik, Gennady"]
[Black "Ipatov, Alexander"]
[Result "1/2-1/2"]
[WhiteTitle "GM"]
[BlackTitle "GM"]
[WhiteElo "2429"]
[BlackElo "2561"]
[WhiteFideId "4101219"]
[BlackFideId "14116731"]
[EventDate "2012.06.04"]
[EventType "swiss"]

1. d4 d5 2. c4 c6 3. Nf3 Nf6 4. e3 g6 5. Nc3 Bg7 6. Bd3 O-O 7. O-O dxc4 8. Bxc4
Nbd7 9. e4 b5 10. Bd3 e5 11. dxe5 Ng4 12. Be2 Ndxe5 13. Nxe5 Nxe5 14. Qxd8 Rxd8
15. Bg5 Re8 16. Rad1 Be6 17. b3 a5 18. Be3 a4 19. f4 axb3 20. axb3 Bxb3 21. fxe5
Bxd1 22. Nxd1 Ra1 23. Nf2 Rxf1+ 24. Kxf1 Bxe5 25. g3 Ra8 26. Nd3 Bc3 27. Bc5
Ra1+ 28. Kf2 Rb1 29. Ke3 b4 30. Bd4 Rh1 31. h4 h5 32. Bxc3 bxc3 33. Nb4 Rg1 34.
Kf2 Rb1 35. Nc2 Rc1 36. Bd3 Rd1 37. Ke3 c5 38. e5 Kf8 39. Ke4 Rg1 40. Kf4 Rg2
41. Be4 Rd2 42. Ke3 Ke7 43. Ne1 Rd4 44. Bc2 Rg4 45. Kf2 Ke6 46. Nd3 Kd5 47. e6
Kxe6 48. Nxc5+ Kd5 49. Nd3 Rd4 50. Bb3+ Ke4 51. Ke2 Kf5 52. Bxf7 Rd6 53. Bb3 Rb6
54. Bc2 Kg4 55. Ne5+ Kxg3 56. Nxg6 Re6+ 57. Kd1 Rf6 58. Bd3 Rf2 59. Kc1 Kf3 60.
Bc2 Ke3 61. Bd1 Rf5 62. Kc2 Kd4 63. Kb3 Rb5+ 64. Kc2 Rf5 65. Kb3 Rc5 66. Kc2 Ke3
67. Ne7 Ke4 68. Ng8 Rf5 69. Kxc3 Rf4 1/2-1/2

[Event "1st Grand Europe Open"]
[Site "Golden Sands BUL"]
[Date "2012.06.09"]
[Round "6.3"]
[White "Li, Shilong"]
[Black "Akopian, Vladimir"]
[Result "1-0"]
[WhiteTitle "GM"]
[BlackTitle "GM"]
[WhiteElo "2553"]
[BlackElo "2697"]
[WhiteFideId "8600678"]
[BlackFideId "13300032"]
[EventDate "2012.06.04"]
[EventType "swiss"]

1. d4 Nf6 2. c4 e6 3. Nc3 Bb4 4. e3 b6 5. Ne2 Ba6 6. Ng3 Bxc3+ 7. bxc3 d5 8. Ba3
Bxc4 9. Bxc4 dxc4 10. O-O Qd5 11. e4 Qb5 12. Bb4 Nc6 13. a4 Qa6 14. Qe2 O-O-O
15. Rfb1 h5 16. Nf1 h4 17. Nd2 h3 18. g3 Qb7 19. a5 Kd7 20. Bc5 Ne7 21. f3 Ke8
22. Nxc4 Nd7 23. Ba3 Rh5 24. d5 Nxd5 25. exd5 Rxd5 26. axb6 axb6 27. Qf1 Ne5 28.
Nxe5 Rxe5 29. Re1 Rf5 30. Qc4 Rdd5 31. Qh4 c5 32. Bc1 g5 33. Qxh3 Rxf3 34. c4
Rdf5 35. Rd1 Ke7 36. Qh8 Rf1+ 37. Rxf1 Rxf1+ 38. Kxf1 Qf3+ 39. Ke1 Qe4+ 40. Kf2
Qc2+ 41. Ke3 1-0